000 00863nam a2200265 i 4500
001 35136
003 BD-RjUL
005 20211209052251.0
008 140521s1976 ii b 001 0 eng
035 _a(BD-RjUL)35230
040 _aDLC
_cDLC
_dDLC
_dBD-RjUL
_beng
041 _aeng
082 0 0 _a331.40954
_bSEM 1976
100 1 _aSethi, Raj Mohini,
_d1940-
_9106998
245 1 0 _aModernization of working women in developing societies /
_cRaj Mohini Sethi.
260 _aNew Delhi :
_bNational Pub. House,
_cc1976.
300 _avi, 168 p. ;
_c22 cm.
500 _aOriginally presented as the author's thesis, Panjab University.
504 _aBibliography: p. [153]-164 and index.
650 0 _aWomen
_xEmployment
_zIndia.
_9106999
650 0 _aWomen
_xEmployment
_zTurkey.
_9107000
942 _2ddc
_cBK
999 _c35136
_d35136